[Event "Villa Martelli"]
[Site "Villa Martelli"]
[Date "1998.05.27"]
[Round "8"]
[White "Vescovi, Giovanni P"]
[Black "Slipak, Sergio"]
[Result "1-0"]
[WhiteElo "2480"]
[BlackElo "2510"]
[Annotator "Ribli,Z"]
[PlyCount "98"]
[EventDate "1998.05.??"]
[EventType "tourn"]
[EventRounds "9"]
[EventCountry "ARG"]
[EventCategory "9"]
[SourceTitle "CBM 065"]
[Source "ChessBase"]
[SourceDate "1998.08.06"]
[SourceVersion "1"]
[SourceVersionDate "1998.08.06"]
[SourceQuality "1"]

1. c4 {Tsesarsky} e6 2. d4 Nf6 3. Nf3 d5 {Schwarz verfügt noch über drei gute
Alternativen: 3...b6 (Damen-Indische-Verteidigung), 3...Bb4 
(Bogo-Indische-Verteidigung), und 3...c5. Ribli.} 4. Nc3 c5 5. cxd5 cxd4 {
Das ist eine seinerzeit von Keres in die Turnierpraxis eingeführte Fortsetzung.
} 6. Qxd4 Nxd5 (6... exd5 $6 {Keres spielte diese Fortsetzung zweimal in
Zürich 1953 (gegen Najdorf und Geller). Heutzutage wird sie praktisch nicht
mehr angewendet.} 7. e4 Nc6 8. Bb5 dxe4 9. Qxd8+ Kxd8 10. Ng5 $14 {[%csl Rd8]})
7. e4 Nxc3 8. Qxc3 Nc6 {[%cal Rf8b4,Rb4e1] Dieselbe Stellung kann auch durch
eine andere Zugfolge erreicht werden: 1.c4 c5 2.Nf3 Nf6 3.Nc3 d5 4.cxd5 Nxd5 5.
d4 cxd4 6.Qxd4 Nxc3 7.Qxc3 Nc6 8.e4 e6.} 9. Bd2 {Weiß muß sich gegen die
Drohung 9...Bb4 verteidigen.} (9. a3 $5 Bd7 10. Be2 Rc8 11. O-O Na5 12. Qe5 Nb3
$13 {[%csl Gb3]}) (9. Bb5 $5 Bd7 10. O-O Qb6 11. Ba4 Qc5 12. Qd3 Qd6 $11) 9...
Bd7 (9... Qf6 10. Qxf6 (10. Bb5 Bd7 11. O-O Qxc3 12. Bxc3 f6 13. Rfd1 Bc5 14.
Rac1 Bb6 15. Nd2 Rd8 16. Nc4 Bc7 17. Nd6+ Bxd6 18. Rxd6 Ke7 19. Rcd1 a6 20. Bb4
{Gutman,L-Schulz,K/Porz 1988/1-0 (61)}) 10... gxf6 11. a3 Bc5 12. Bc3 Ke7 13.
Rd1 Rg8 14. b4 Bb6 15. g3 (15. b5 Na5 (15... Ba5 $6 16. Rc1 $1 Bxc3+ 17. Rxc3
Nd8 18. g3 Bd7 19. Bd3 Rc8 20. Rxc8 Bxc8 21. Kd2 $14) 16. Bb4+ Ke8 $132) 15...
a6 16. e5 fxe5 17. Nxe5 Nxe5 18. Bxe5 Bd7 {1/2-1/2 Dreev,A-Ruban,V/RUS-ch 1995
(33)} (18... Bd7 {Tsesarsky} 19. Bd6+ Kf6 20. Bg2 Ba4 $132 {1/2-1/2 Dreev,
A-Ruban,V/RUS-ch Elista 1995 (33)})) (9... Qb6 10. Be2 (10. Rc1 $5) 10... Bc5
11. Qxg7 Bxf2+ 12. Kf1 Rf8 13. Bh6 Bc5 14. Rd1 $36 {1-0 Shabtai,R-Stein,B/
Copenhagen 1995 (33)}) (9... f6 10. a3 Bd6 11. Bc4 (11. Rd1 {Tsesarsky} O-O 12.
Be3 Qe7 13. Bb5 Ne5 14. Nxe5 Bxe5 15. Qc5 Qc7 16. Qxc7 Bxc7 17. f4 $14) 11...
O-O 12. O-O Qe7 13. Rfd1 Rd8 14. Be3 Bd7 15. Rd2 Be8 {1/2-1/2 Vanderwaeren,
S-Claesen,P/Antwerp op 1995}) 10. Be2 {[%csl Gc3,Rf8,Rg7][%cal Gc3g7] Auf c3
steht die weiße Dame gut, denn sie hemmt die natürliche Entwicklung des
schwarzen Damenflügels.} Qc7 (10... Qf6 11. e5 (11. Qxf6 {Tsesarsky} gxf6 $132)
11... Qg6 12. O-O Bb4 13. Qe3 O-O 14. Rfd1 Rfd8 15. Rac1 $14 {Tsesarsky,
I-Kapengut,A/Sofia 1988}) (10... Rc8 11. O-O $1 $14 (11. O-O {Tsesarsky} f6 12.
Qb3 Qb6 13. Qxb6 axb6 14. e5 Nxe5 15. Nxe5 fxe5 16. Bc3 Bd6 17. Rfe1 Rf8 18.
Bd3 $14 {1-0 Cifuentes Parada,R-Vedder,H/Wijk-B 1994 (43)})) (10... f6 11. Rd1
Be7 12. O-O O-O 13. e5 Qc8 14. exf6 Bxf6 15. Qb3 Kh8 16. Bd3 e5 17. Ng5 Bxg5
18. Bxg5 Be6 19. Qa4 Nd4 20. Rc1 Qe8 21. Qxe8 Raxe8 22. Rfe1 Bxa2 23. Ra1 Bd5
24. Rxa7 {1-0 Van Der Linde,M-Vedder,H/Nederland tt 1995 (38)}) 11. O-O e5 {
Dieser Zug verliert ein Tempo und schwächt die Diagonale a2-g8. Es ist aber
sonst nicht so einfach, den Königsflügel zu entwickeln.} 12. Bc4 $1 $14 {
[%csl Gc4,Yd5][%cal Gc4f7] Weiß hat Entwicklungsvorteil und die Schwäche des
Punktes d5 fällt viel mehr ins Gewicht als die des Feldes d4.} (12. Rac1 {
Tsesarsky} Bd6 13. Rfd1 O-O 14. Be3 $14) 12... Be7 (12... Bd6 {Tsesarsky} 13.
Rac1 $14) 13. Bg5 Bxg5 (13... f6 $6 14. Be3 $14 {[%csl Gc4,Re8][%cal Gc4g8]}) (
13... Qd8 14. Bxe7 Qxe7 15. Bd5 $14 {[%csl Gd5]}) 14. Nxg5 O-O 15. Qf3 {
[%csl Rf7,Rg8][%cal Rc4f7,Rg5f7,Rf3f7]} Be8 (15... Nd8 16. Rac1 $14 {[%csl Gc1]
[%cal Gc1c7]} (16. Rac1 {Tsesarsky} Qb6 17. Rfd1 Be6 (17... Qxb2 $2 $18 18. Bb3
$1 Ne6 19. Rc2 $1 Nxg5 20. Qe3 $18) 18. Qh5 h6 19. Nxe6 Nxe6 (19... fxe6 20.
Qe2 $16) 20. Qxe5 $16)) 16. Qf5 {[%cal Rf5h7]} g6 17. Qh3 h5 18. Rac1 {[%csl
Rg8] In dieser symmetrischen Stellung sind die weißen Figuren viel aktiver.
Sie drücken gegen die geschwächte schwarze Königsstellung.} Qe7 (18... Rd8 {
Tsesarsky} 19. Qg3 Nd4 20. Kh1 Qd6 21. Rfd1 $14) 19. Nf3 (19. Qg3 {Tsesarsky}
Kg7 (19... Nd4 20. Nxf7 Bxf7 21. Qxg6+ Kh8 22. Qh6+ Kg8 23. Qxh5 Bxc4 24. Rxc4
Rad8 25. Rc3 Rf7 26. Rg3+ Rg7 27. Rxg7+ Qxg7 28. f4 Rc8 29. fxe5 Rc2 30. g3 Ne6
31. Qe8+ Nf8 32. Qb5 (32. Rf2 Rxf2 33. Kxf2 Qh7 $11) (32. Kh1 Rc7 33. Qd8 (33.
e6 Qe7 34. Qf7+ Qxf7 35. exf7+ Rxf7 $15) 33... Re7 34. Qd5+ Ne6 35. Kg2 $16 (
35. Rf6 Qg4 $14)) 32... Ne6 33. Qb3 Rc6 34. Rf6 Qg4 $14) 20. Rfd1 (20. f4 exf4
21. Rxf4 Rd8 22. Bd5 Ne5 $11) 20... Rd8 21. Rxd8 Nxd8 22. Bd5 f6 23. Nf3 Ne6
24. Nh4 Ng5 25. Qe3 b6 $11) 19... Bd7 (19... Nd4 20. Nxd4 exd4 21. Bd5 $14 {
[%csl Rd4,Gd5]}) (19... Kg7 {Tsesarsky} 20. Rfd1 (20. Qg3 f6 21. Nh4 Kh7 22.
Rfd1 Bf7 23. Bd5 Rfd8 $11) 20... f6 21. Qg3 Rd8 22. Rxd8 Qxd8 23. a3 Qb6 $132)
20. Qg3 {[%cal Rg3g6] Es droht 21.Qxg6.} Kg7 21. Bd5 {[%csl Gd5,Re5] Der weiße
Läufer steht Ausgezeichnet im Zentrum und bietet dem Weißen eine dauerhafte
Initiative.} Rae8 (21... Rfe8 $5) 22. a3 Rh8 {Schwarz strebt nach Raumgewinn
mittels 23...h4.} (22... f6 23. Bxc6 bxc6 (23... Bxc6 24. Nh4 {[%csl Rg6]} Bxe4
(24... Qf7 25. Nf5+ {[%cal Rf5g7,Rf5d6,Rd6f7,Rd6e8]}) 25. Rc4 {[%csl Re4,Gg3,
Rg6,Rg7,Gh4][%cal Rc4e4]} (25. Rfe1 $2 Rc8) 25... g5 26. Rxe4 f5 27. Rxe5 Qxe5
28. Qxg5+ $18) 24. Rfd1 $14) 23. h4 Qf6 {Es ist nicht leicht für Schwarz,
Gegenspiel zu organisieren, während der Weiße sein Spiel am Damenflügel
vorantreibt.} 24. Rc3 Re7 (24... Nd4 $2 25. Nxd4 exd4 26. Rf3 $18 {[%cal Rf3f7]
}) (24... Rc8 {Tsesarsky} 25. Ng5 Nd4 26. Re1 Rxc3 27. bxc3 Ne6 28. Bxb7 $16)
25. Rd1 Rc8 (25... Nd4 {Dieser Springerzug scheint in der gesamten Partie nie
zu gehen.} 26. Nxd4 exd4 27. Rcd3 $16 {[%csl Rd4]}) 26. Rdc1 {[%cal Gc1c8]}
Ree8 (26... Qf4 {Tsesarsky} 27. Qxf4 exf4 28. b4 Rce8 29. b5 Na5 30. a4 Bg4 31.
Nd4 Kf6 32. f3 Ke5 33. Rd1 Rc8 34. Rxc8 Bxc8 35. Ne2 f5 36. g3 fxg3 (36... fxe4
37. Nxf4 $18) 37. f4+ Kf6 38. e5+ Kg7 39. Kg2 $1 (39. Nxg3 Be6 $14) (39. Rc1
Be6 40. Bxe6 Rxe6 41. Kg2 (41. Rc7+ Kf8 42. Nd4 Re7 $14)) 39... Be6 40. Bxe6 (
40. Bf3 Bb3 41. Rd4 Be6 42. Kxg3 Kf7 43. Nc3 Bb3 44. Rd8 Re8 45. Rd7+ (45. Rd6
Be6 $14 (45... Re7 46. Bd5+ Bxd5 47. Nxd5 Re6 48. Rd7+ Kf8 49. Kf3 $16)) 45...
Re7) 40... Rxe6 41. Rc1 Kf8 42. Nd4 Re7 43. Kxg3 (43. e6 Kg7 44. Rc8 Kf6 45.
Kxg3 b6 $132) 43... Rd7 44. Rc8+ Ke7 45. Nf3 Rd8 46. Rc7+ Rd7 47. Rc3 $14) 27.
b4 a6 (27... Nd4 $5 28. Nxd4 exd4 29. Rxc8 (29. Rc7 $14) (29. e5 $2 Qxe5 {
[%csl Rd5]} (29... Rxe5 {[%csl Rd5]})) 29... Rxc8 30. Rxc8 Bxc8 31. Qc7 Be6 32.
Qxb7 d3 $132) 28. Rc5 (28. Ng5 {Tsesarsky} Nd4 29. Qe3 Rxc3 30. Rxc3 Re7 $11)
28... Qf4 $6 (28... Nd4 29. Nxd4 exd4 30. Bxb7 $16) (28... b6 $5) 29. Qxf4 exf4
30. R1c4 Rcd8 (30... f6 $5 {Dieser Zug vermeidet 31.e5, wonach in der Partie
der Bauer f4 schwach wird.}) (30... f6 $1 {Tsesarsky} 31. a4 (31. Kf1 b5 32.
Rc3 Ne7 33. Bb7 Rxc5 34. Rxc5 (34. bxc5 Bc6 35. Bxc6 Nxc6 36. Nd2 $132) 34...
Bc8 35. Bxc8 Rxc8 36. Nd4 Kf7 $11) 31... Re7 32. b5 axb5 33. axb5 Na7 34. Rxc8
(34. Nd4 Rxc5 (34... Rce8 $6 35. Bxb7 Bxb5 36. Nxb5 Rxb7 37. Nd6 (37. Rc7+ Re7
$11) 37... Rb1+ 38. Kh2 Re7 39. Rxh5 $1 gxh5 40. Nf5+ Kf7 41. Nxe7 Kxe7 42.
Rc7+ Ke6 43. Rxa7 Rb2 44. f3 Rb5 $16) 35. Rxc5 Kf8 36. Bxb7 (36. b6 Nc8 37. Rc7
Nxb6 38. Rxb7 Nxd5 39. exd5 Bg4 40. Rb8+ Re8 41. Rb6 Re1+ 42. Kh2 Kf7 43. f3
Bd7 44. Rb7 Ke8 $11) 36... Bxb5 $11) 34... Nxc8 35. Bxb7 Bxb5 36. Rxc8 Rxb7 $11
) 31. e5 {[%csl Rf4][%cal Rc4f4]} Be6 (31... Nxe5 32. Nxe5 Rxe5 33. Bxb7 $14 (
33. Rxf4 $2 b6 $1 (33... Be8 34. Bxb7 $16) (33... Be6 34. Bxe6 Rxe6 (34... Rxc5
$2 35. Rxf7+ $18) 35. Rc7 Rf6 36. Rxf6 Kxf6 37. Rxb7 $16) 34. Rxf7+ Kh6 $19 {
[%csl Rc5,Rd5,Ge5]}) (33. Bxb7 {Tsesarsky} Bb5 34. Rxf4 (34. Rxe5 Bxc4 35. Re4
Bb5 36. Rxf4 Rd7 $14) 34... Re1+ 35. Kh2 f5 36. a4 $16)) (31... b5 {Tsesarsky}
32. Rxf4 Nxe5 33. Nxe5 Rxe5 34. Rxf7+ $16) 32. Bxc6 bxc6 (32... Bxc4 $2 33.
Bxe8 $18 (33. Bxe8 {Tsesarsky} Bb3 34. Bxf7 $18)) 33. Rxf4 $16 {Weiß besitzt
einen Mehrbauern und drückt gegen die schwachen schwarzen Bauern am
Damenflügel.} Rd1+ 34. Kh2 Bd5 {[%csl Gd5] Der schwarze Läufer hat einen
schönen Vorposten auf d5 bezogen. Das allein kann aber die Partie nicht mehr
retten.} 35. Ra5 {[%csl Ga5]} (35. Nd4 {Tsesarsky} Rxe5 36. Nxc6 Ree1 37. f3
$16) 35... Ra8 36. Rf6 (36. Nd4 $16 {Tsesarsky}) 36... Rc1 (36... Kf8 {
Tsesarsky} 37. Kg3 Ke7 38. Ng5 Re1 39. f3 $1 $16 Rxe5 $2 40. Rxf7+ $18) 37. Ng5
Ra7 38. Rd6 (38. Kg3 {Tsesarsky} Re1 39. f4 Rg1 40. Nf3 Rd1 41. f5 $16) 38...
Re7 (38... Rc4 {Tsesarsky} 39. Kh3 Re7 40. e6 f6 (40... Bxe6+ 41. Nxe6+ Rxe6
42. Rxe6 fxe6 43. Rxa6 $18) 41. Rd7 fxg5 42. Rxe7+ Kf6 43. Rxd5 (43. Ra7 Rxh4+
44. Kg3 Rg4+ 45. Kh3 Bxg2+ 46. Kh2 Kxe6 47. R7xa6 Bd5 $132) 43... cxd5 44. Ra7
Rxh4+ 45. Kg3 Rg4+ 46. Kh2 (46. Kf3 Rf4+ 47. Ke3 Re4+ 48. Kd3 Rxe6 49. Kd4 $44)
46... Rh4+ 47. Kg1 Kxe6 48. Rxa6+ $16) 39. e6 $1 (39. Rxa6 Rxe5 $16) (39. Nf3 {
Tsesarsky} Rc3 (39... Bxf3 40. gxf3 Rc3 41. f4 Rf3 42. Rd4 Rxf2+ 43. Kg3 Rc2
44. Rxa6 f6 45. Re4 $16) 40. Rxa6 Bxf3 41. gxf3 Rxe5 42. Kg2 (42. Rdxc6 Rxf3
43. Kg2 Rf4 $14) 42... c5 43. Ra5 g5 $1 44. f4 $1 gxf4 45. a4 $16) 39... fxe6 (
39... Bxe6 40. Nxe6+ Rxe6 41. Rxe6 fxe6 42. Rxa6 $16) 40. Rxa6 (40. Kg3 $16 {
Tsesarsky}) 40... Rc4 41. Kh3 (41. Kg3 $2 Rg4+ {[%csl Gd5,Rg2,Rg3,Gg4]}) 41...
Kf6 42. Rd8 (42. f3 {Tsesarsky} Ke5 43. Rd8 Rc1 44. Kg3 $16) 42... Ke5 {
[%csl Ge5] Schwarz steht vor großen Problemen. Was kann er verlieren, wenn er
seine beste Chance nutzt und mit dem König voranprescht?} 43. Rg8 {[%csl Rg6]}
Rc3+ (43... Kf6 $16 {Tsesarsky}) 44. f3 Kf4 {Leider kann Schwarz keine
konkreten Drohungen schaffen.} (44... Kf6 45. Raa8 $18 {[%csl Ga8,Gg5,Gg8]}) (
44... Kf6 $16 {Tsesarsky}) 45. Rxg6 Rc1 {[%cal Rc1h1]} 46. Kh2 (46. Rf6+ Ke3 (
46... Ke5 47. Rf8 $18) 47. Kg3 $18) 46... Rc2 47. Ra5 Ke3 $6 (47... e5) 48.
Nxe6 $18 {Weiß hat drei Mehrbauern und damit eine Gewinnstellung.} Kf2 (48...
Bxe6 49. Re5+ $18 {[%cal Re5e7,Re5e3]}) 49. Nf4 Rd2 {und Schwarz strich in
hoffnungsloser Lage die Segel.} (49... Rd2 50. Rg5 Rd1 51. Rxh5 $18 (51. Nxd5
$4 Ree1 {[%csl Gd1,Ge1,Gf2,Rh2][%cal Re1h1] Und Weiß könnte nichts gegen 52...
Rh1# unternehmen!})) 1-0

[Event "Novgorod"]
[Site "Novgorod"]
[Date "1995.06.03"]
[Round "7"]
[White "Gulko, Boris F"]
[Black "Topalov, Veselin"]
[Result "1/2-1/2"]
[WhiteElo "2595"]
[BlackElo "2630"]
[Annotator "Ribli,Z"]
[PlyCount "66"]
[EventDate "1995.05.??"]
[EventType "tourn"]
[EventRounds "9"]
[EventCountry "RUS"]
[EventCategory "17"]
[SourceTitle "CBM 048"]
[Source "ChessBase"]
[SourceDate "1995.10.01"]
[SourceVersion "1"]
[SourceVersionDate "1995.10.01"]
[SourceQuality "1"]

1. c4 c5 2. Nf3 Nf6 3. Nc3 Nc6 4. g3 d5 5. d4 {Tal's Idee.} cxd4 (5... dxc4 $2
6. d5 Na5 7. e4 b5 8. Nxb5 Nxe4 9. Ne5 $16 {Tal,M-Timman,J/KRO m/1988/CBM10/
INF46,60/}) 6. Nxd4 dxc4 7. Nxc6 Qxd1+ 8. Nxd1 bxc6 9. Bg2 Nd5 10. Ne3 e6 11.
Nxc4 Ba6 12. b3 Bb4+ 13. Bd2 Bxd2+ 14. Nxd2 (14. Kxd2 O-O-O 15. Kc2 Kc7 16. Ne5
Rhf8 17. Bf3 f6 18. Nd3 Kb6 $10 {Vaganian,R-Alterman,B/Groningen PCA/1993/
CBM39/INF59,(65)/}) 14... Nb4 15. Be4 Ke7 16. a3 Nd5 17. Rc1 Rhc8 18. f4 c5 19.
Kf2 Rab8 $5 {Der erste neue Zug. Schwarz will gegen den geschwaechten b3P
spielen.} (19... Rc7 20. Rc2 Rac8 21. Rhc1 Nb6 22. Bf3 Bb5 23. e4 f6 24. a4 Ba6
25. Be2 Bxe2 26. Kxe2 Kd8 27. Rc3 $14 {Weiss steht nur sehr minimal besser.
Vaganian,R-Kindermann,S/Bundesl/9495/}) 20. Rc2 Nf6 21. Bf3 Rd8 22. Rhc1 Bb7
23. Ke3 Bxf3 (23... Nd5+ $2 24. Bxd5 Bxd5 25. Rxc5 Bxb3 26. Rc7+ Rd7 27. Rxd7+
Kxd7 28. Rb1 $18) 24. exf3 {Jetzt droht sofort den c5P zu nehmenn.} (24. Kxf3
h5 $10) 24... Nd7 25. Rc3 Rb5 26. Ke2 h5 $5 27. a4 Rb4 28. Nc4 (28. Ne4 g6 29.
Nxc5 Nxc5 30. Rxc5 Rxb3 31. Rc7+ Rd7 $10) 28... h4 29. Na5 Rc8 30. Rc4 Rxc4 31.
Rxc4 hxg3 32. hxg3 a6 33. Rc1 Rh8 {Weiss hat gar nichts erreicht. In dieser
Variante (5.d4) kann Schwarz mit leichter Muehe das Gleichgewicht behalten.}
1/2-1/2

[Event "Tilburg Fontys"]
[Site "Tilburg"]
[Date "1998.10.31"]
[Round "8"]
[White "Anand, Viswanathan"]
[Black "Kortschnoj, Viktor Lvovich"]
[Result "1-0"]
[WhiteElo "2795"]
[BlackElo "2625"]
[Annotator "Ribli,Z"]
[PlyCount "37"]
[EventDate "1998.10.23"]
[EventType "tourn"]
[EventRounds "11"]
[EventCountry "NED"]
[EventCategory "18"]
[SourceTitle "EXT 1999"]
[Source "ChessBase"]
[SourceDate "1998.11.16"]
[SourceVersion "1"]
[SourceVersionDate "1998.11.16"]
[SourceQuality "1"]

{[%mdl 12]} 1. Nf3 d5 2. d4 Nf6 3. c4 e6 4. Nc3 c5 5. cxd5 cxd4 (5... Nxd5 {
Das ist die "Halb-Tarrasch"- oder "Semi-Tarrasch"-Verteidigung. In der
normalen Tarrasch-Verteidigung nimmt Schwarz mit dem Bauern auf d5. Ribli.}) (
5... exd5 6. Bg5 $14) 6. Qxd4 (6. Qa4+ $5 Bd7 7. Qxd4 exd5 8. Nxd5 (8. Bg5)
8... Qa5+ 9. Nc3 Bc5 10. Qh4 Na6 $44 {Schwarz ist als Kompensation für den
Bauern gut entwickelt.}) (6. Nxd4 Nxd5 $11) 6... Nxd5 7. e4 Nxc3 8. Qxc3 Nc6 {
[%cal Rf8b4,Rb4e1]} 9. a3 $5 (9. Bb5 Bd7 10. O-O Qb6 11. a4 Qc5 12. Qd3 Qd6 13.
Qe2 Qc7 14. e5 Bc5 15. Rd1 a6 16. Bd3 h6 17. Bf4 Nb4 18. Be4 Bc6 {1/2-1/2
Anand,V-Adams,M/Groningen 1997/CBM 63 (48)}) 9... Bd7 (9... Qa5 $2 10. b4 Qd8 (
10... Nxb4 $4 11. Bd2 $18) 11. Bb2 Bd7 12. Rd1 $16) 10. Be2 Rc8 (10... Qf6 $2
11. e5 (11. Qxf6 $6 gxf6 $11) 11... Qg6 12. O-O Be7 13. Rd1 $16) 11. O-O Na5
12. Qd3 $1 (12. Qe3 Bc5 13. Qf4 Nb3 14. Qg3 Nxc1 15. Raxc1 O-O 16. Ne5 f6 17.
Nxd7 Qxd7 18. Qb3 Kh8 19. Bc4 e5 {1/2-1/2 Topalov,V-Adams,M/Linares 1997/CBM
57 (32)}) (12. Qe5 Nb3 13. Rb1 Qf6 (13... Qc7 14. Qxc7 Rxc7 15. Bf4 Rc8 16. Ne5
Ba4 17. Rfe1 f6 18. Nc4 e5 19. Be3 b5 20. Nd2 a6 21. Nxb3 Bxb3 22. Rbc1 {
1-0 Winter,A-Wolf,S/BLW-9293 1993/EXT 97-B (30)}) 14. Qg3 Qg6 (14... Nxc1 15.
Rbxc1 Rxc1 16. Rxc1 Qxb2 17. Qb8+ Ke7 18. Re1 (18. Rd1 Qxe2 19. Qd6+ Kf6 $11)
18... g6 19. e5 Qb6 $13 {Und Schwarz plant Bg7.}) 15. Qf4 Bc5 16. Be3 Qf6 17.
Qg3 Qg6 18. Qf4 Qf6 19. Qg3 Qg6 {1/2-1/2 Morozevich,A-Moskalenko,V/Alushta
1993/CBM 36 (44)}) 12... Ba4 {[%csl Yb3] Es scheint, Schwarz bekäme
ausgezeichnetes Gegenspiel, denn der Punkt b3 ist schwach. Aber Weiß hat
großen Entwicklungsvorsprung.} (12... Be7 13. b4 $1 (13. Rd1 Ba4 $11) 13... Nc6
(13... Nc4 14. Qd4 {[%csl Rc4,Gd4][%cal Rd4g7]} Nb6 15. Bb2 $14) 14. Bb2 $14)
13. Qxd8+ Rxd8 14. Be3 $14 {[%csl Ra7,Ge2,Ge3,Re8]} Nb3 (14... a6 15. Rac1 $14
(15. Bb6 Nb3 16. Rad1 (16. Bxd8 Nxa1 17. Rxa1 Kxd8 18. Ne5 Ke7 $11) 16... Rc8))
15. Bd1 $1 {[%cal Gd1a4]} b5 $6 {Schwarz möchte die Blindpartie Kramnik - Van
Wely, Monaco 1998 verbessern, aber ohne Erfolg. Meines Erachtens ist die ganze
Variante vorteilhaft für Weiß.} (15... a6 16. Bxb3 Bxb3 17. Rac1 Bd6 18. Bb6
Ra8 19. Nd4 Ba4 20. Rc4 Bd7 21. Rd1 O-O 22. e5 Bb5 23. Nxb5 axb5 24. Re4 Be7
25. Rd7 $16 {[%csl Rb5,Rb7,Gd7,Re7]} Rfc8 26. g3 Bf8 27. Rxb7 {1-0 Kramnik,
V-Van Wely,L/Monte Carlo 1998/CBM 63 ext (46)}) 16. Bxb3 $1 $16 {Das ist eine
einfache und starke Entscheidung. Weiß gibt das Läuferpaar auf, aber erlangt
überzeugende Initiative am Damenflügel.} Bxb3 17. Rfc1 {[%csl Rb3,Gc1][%cal
Rc1c7] Der schwarze Läufer b3 ist in schwerer Not. Dank seines Zuges 15...b5
hat Schwarz für ihn keine Rückzugsmöglichkeit in der Diagonalen a4-e8.} e5 {
Schwarz möchte seinen Läufer b3 befreien.} (17... a6 18. Bb6 Ra8 19. Nd2 {
[%csl Rb3]} Bc4 20. Nxc4 bxc4 21. Rxc4 $18 {[%csl Re8] Weiß hat nur einen
Bauern mehr, aber seine Aktivität am Damenflügel entscheidet die Partie.}) (
17... a5 18. Nd2 {[%cal Rd2b3]} a4 19. Nxb3 axb3 20. Rc3 $18 {[%csl Rb3,Rb5]})
18. Nxe5 a6 19. Nc6 $18 {[%csl Gc6] Und die schwarze Stellung ist hoffnungslos,
so daß Kortschnoj aufgab. Ich glaube, das war die kürzeste Verlustpartie
seiner Karriere.} (19. Nc6 Rd6 20. Nd4 Bc4 (20... Be6 21. Nxe6 Rxe6 22. Rc8+
Kd7 23. Rac1 $18) 21. b3 $18) 1-0

[Event "Sigeman & Co 03rd"]
[Site "Malmo"]
[Date "1995.??.??"]
[Round "6"]
[White "Krasenkow, Michal"]
[Black "Brynell, Stellan"]
[Result "1-0"]
[WhiteElo "2575"]
[BlackElo "2435"]
[Annotator "Ribli,Z"]
[PlyCount "83"]
[EventDate "1995.05.??"]
[EventType "tourn"]
[EventRounds "9"]
[EventCountry "SWE"]
[EventCategory "12"]
[SourceTitle "CBM 048"]
[Source "ChessBase"]
[SourceDate "1995.10.01"]
[SourceVersion "1"]
[SourceVersionDate "1995.10.01"]
[SourceQuality "1"]

1. Nf3 c5 2. c4 Nf6 3. Nc3 Nc6 4. g3 d5 5. cxd5 Nxd5 6. Bg2 g6 7. O-O Bg7 8.
Qa4 Nb6 (8... O-O $5 9. Qc4 (9. Qb5 Qb6 $1 10. Qxb6 Nxb6 11. d3 c4 12. dxc4
Nxc4 $13 {Ljubojevic,L-Ivanchuk,V/Monaco blind/1993/EXP34/}) 9... Nxc3 10. dxc3
b6 11. Ng5 Qc7 $10 {Hertneck,G-Miles,A/Dortmund/1986/CBM01/} (11... Bb7 $2 12.
Ne6 $1 $18 {Uhlmann,W-Suetin,A/Halle/1981/INF32,(82)/})) 9. Qh4 O-O (9... h6 $5
) 10. d3 f6 11. Bh6 e5 (11... g5 12. Qh5 Qe8 13. Qxe8 Rxe8 14. Bxg7 Kxg7 15.
Rfc1 $14 {>< c5}) 12. Ne4 Qe7 13. Rac1 Nd7 14. a3 Rb8 (14... b6 $2 15. b4 $1)
15. e3 (15. Rc2 {/\ Rfc1}) 15... Bxh6 16. Qxh6 f5 17. Neg5 Nf6 18. h3 Bd7 19.
Nd2 Rbc8 20. Rfe1 b6 21. f4 Rfd8 (21... exf4 22. gxf4 Rfd8 23. e4 $36) 22. Nc4
b5 {Jetzt beginnt eine interessante Komplikation.} (22... exf4 23. exf4 Qg7 24.
Qxg7+ Kxg7 25. Nd6 $36) 23. fxe5 (23. Bxc6 $6 bxc4 24. Bxd7 Rxd7 25. dxc4 Rd2
$44 {Die aktiven schwarzen Figuren garantieren genuegende Kompensation fuer
den geopferten Bauern.}) 23... Nxe5 24. Bd5+ $5 Nxd5 25. Nxe5 Be8 26. d4 Nf6 $6
(26... cxd4 $5 27. exd4 Rxc1 28. Rxc1 Nf6 $13) 27. Rcd1 $1 c4 (27... cxd4 28.
exd4 $14 {Die schwarze Q steht sehr unguenstig auf der e-Linie und die
e6-Punkt ist auch schwach.}) 28. g4 $1 {Das Zentrum ist eingefroren, und der
Anziehende beginnt jetzt am Koenigsfluegel zu spielen.} c3 (28... fxg4 29. Rf1
$1 $18 {Droht /\ Rf6 und auch die Tuerme auf der f-Linie verdoppeln.}) 29. bxc3
Rxc3 30. gxf5 gxf5 31. Rd2 $1 Rd6 32. Rg2 Ng4 $1 33. Nxg4 {Weiss nimmt das
Risiko.} (33. Qxh7+ $5 Qxh7 34. Nxh7 Kxh7 35. hxg4 fxg4 36. Rxg4 Rxa3 37. Kf2
$14 {Weiss steht wegen seiner besseren Koenigstellung im Vorteil.}) 33... Rxh6
(33... fxg4 $1 34. Qh4 Rxe3 $1 35. Rf1 (35. Rxe3 Qxe3+ 36. Kh1 Qc1+ 37. Kh2
Qf4+ 38. Kh1 Bg6 $15) 35... h6 (35... Rg6 36. Rxg4 h6 37. Nf3 Qxh4 38. Nxh4
Rxg4+ 39. hxg4 Rxa3 $15) 36. Nf3 Qxh4 37. Nxh4 Bd7 $15) 34. Nxh6+ Kh8 $2 {
Verliert sofort.} (34... Kf8 $1 35. Rf1 $5 (35. Nxf5 Qxa3 $1 $17 {Droht /\ Rc1.
}) 35... Qxe3+ 36. Kh2 Bg6 37. Nxf5 Qd3 $1 38. Rf3 Qxf3 39. Nxf3 Rxf3 40. Nh4
Rxa3 41. Nxg6+ hxg6 42. Rxg6 $15) 35. Ne4 $1 {Schwarz hat vorher diesen sehr
unangenehmen Zug nicht gesehen. Der Nachziehen de ist jetzt hilflos.} Bf7 36.
Nxf7+ Qxf7 37. Nxc3 $18 Qb3 38. Rc1 Qxa3 39. Rcc2 b4 40. Nd5 h5 41. Rc8+ Kh7
42. Nf6+ {Der bessere Spieler hat Glueck gehabt.} 1-0